[Event "FRA-chT U20 0809"]
[Site "Sautron"]
[Date "2009.01.02"]
[Round "4.5"]
[White "Pruvot, Louis"]
[Black "Perrois, Magali"]
[Result "1-0"]
[WhiteElo "1655"]
[BlackElo "1340"]
[PlyCount "85"]
[EventDate "2008.10.??"]
[EventType "team-tourn"]
[EventRounds "11"]
[EventCountry "FRA"]
[SourceTitle "EXT 2010"]
[Source "ChessBase"]
[SourceDate "2010.11.25"]
[SourceVersion "1"]
[SourceVersionDate "2010.11.25"]
[SourceQuality "1"]

1. e4 e5 2. Nf3 Nc6 3. Bb5 a6 4. Ba4 Bc5 5. c3 d6 6. d4 exd4 7. cxd4 Bb6 8. d5 Ba5+ 9. Bd2 Bxd2+ 10. Nbxd2 b5 11. dxc6 bxa4 12. Qxa4 Nf6 13. 0-0 0-0 14. Rad1 Qe7 15. Rfe1 Bg4 16. e5 dxe5 17. Rxe5 Qd8 18. Ne4 Qc8 19. Nxf6+ gxf6 20. Re3 Kh8 21. Rd4 Bxf3 22. Rxf3 Qe6 23. Re4 Qd6 24. h3 Rae8 25. g3 Rxe4 26. Qxe4 Qd8 27. Qf4 Kg7 28. Qg4+ Kh8 29. Qh4 Kg7 30. Rf4 Rg8 31. Qh5 Rh8 32. Rg4+ Kf8 33. Qh6+ Ke7 34. Re4+ Kd6 35. Rd4+ Kxc6 36. Rxd8 Rxd8 37. Qxf6+ Kd7 38. Qxf7+ Kc8 39. Qxh7 Rd2 40. Qf5+ Kb8 41. Qf8+ Ka7 42. Qb4 Rd3 43. h4 1-0

[Event "FRA-ch U10 Girls"]
[Site "Le Grand Bornand"]
[Date "2007.04.??"]
[Round "6"]
[White "Joudelat, Noemie"]
[Black "Perrois, Magali"]
[Result "1-0"]
[WhiteElo "1340"]
[BlackElo "1360"]
[PlyCount "31"]
[EventDate "2007.04.07"]
[EventType "swiss"]
[EventRounds "9"]
[EventCountry "FRA"]
[SourceTitle "CBM 118 Extra"]
[Source "ChessBase"]
[SourceDate "2007.07.04"]
[SourceVersion "1"]
[SourceVersionDate "2007.07.04"]
[SourceQuality "1"]

1. e4 e5 2. Nf3 Nc6 3. Bc4 Bc5 4. c3 d6 5. d4 Bb6 6. Bg5 f6 7. Bh4 Bd7 8. 0-0 Ke7 9. dxe5 dxe5 10. Qd5 Qf8 11. Rd1 Rd8 12. Nxe5 Qe8 13. Nxc6+ Bxc6 14. Qe6+ Kf8 15. Rxd8 Ne7 16. Qf7# 1-0